000 02092cam a22004934i 4500
003 PE-LiUPU
005 20250731173007.0
008 150616s1982 ag a rb 000 0 spa d
035 _a(Sirsi) a2222
040 _aPE-LiUPU
_bspa
_cPE-LiUPU
_erda
049 _aPRUA
082 0 4 _b
_221
100 1 _aColeman, Lucien E.,
_eautor.
245 1 0 _aCómo enseñar la Biblia /
_cLucien E. Coleman.
264 1 _aBuenos Aires :
_bCasa Bautista de Publicaciones,
_c1982.
300 _a260 páginas :
_bilustraciones ;
_c21 entímetros
336 _atext
_2rdacontent
337 _aunmediated
_2rdamedia
338 _avolume
_2rdacarrier
504 _aIncluye bibliografía.
505 0 _a¿Qué es enseñar la Biblia? -- ¿Qué hace un maestro? -- Lo que los maestros deben conocer -- Cómo estudiar una lección -- Enseñando con propósito -- Cómo desarrollar un plan de clase -- Hablemos de métodos -- Cómo generar entusiasmo para el estudio de la Biblia -- Una palabra final.
526 _aSEG42
526 _aSEG41
526 _aSEG40
526 _aSEG39
526 _aP94
526 _aP87
526 _aP86
526 _aP85
526 _aP77
526 _aP76
526 _aP35
650 0 4 _aEducación Religiosa.
910 _ajck
_bjvq
_cjck
942 _2ddc
_cBOOK
949 _a268 C71
_wDEWEY
_c1
_i28834
_lCCODEBUL1
_mBUL
_p18.00
_r0
_sY
_tBOOK
_u2015-04-23
_xBIBLIOTECA
_zUNKNOWN
_0COMPRA
_o.STAFF. Colección Teología
949 _a268 C71
_wDEWEY
_c2
_i21101
_lCCODEBUL1
_mBUL
_p18.00
_r0
_sY
_tBOOK
_u19821020
_xTEOLOGIA
_zUNKNOWN
_0COMPRA
_o.STAFF. Colección Teología
994 _aC0
_bPEPRU
596 _a1
999 _a268 C71
_wDEWEY
_c22767
_i28834
_d22767
_e2018-9-28
_f2021-11-10
_g5
_lCCODEBUL1
_mBUL
_n3
_r0
_sY
_tBOOK
_u2015-4-23
_xTEOLOGIA
_zUNKNOWN
_0COMPRA
_o.STAFF. Colección General
999 _a268 C71
_wDEWEY
_c2
_i21101
_d2018-5-17
_e2017-1-4
_f2021-11-10
_g5
_lCCODEBUL1
_mBUL
_n2
_p18.00
_q1
_r0
_sY
_tBOOK
_u2015-6-16
_xTEOLOGIA
_PP35
_0COMPRA
_o.STAFF. Colección Teología
980 _81
_gALBERTO SANCHEZ Responsable de Automatización